[Event "Milan Crespi op-B 35th"]
[Site "Milan"]
[Date "2014.12.08"]
[Round "6"]
[White "Torelli, Mauro"]
[Black "Lunghi, Samuele"]
[Result "1-0"]
[WhiteElo "1702"]
[BlackElo "1496"]
[PlyCount "67"]
[EventDate "2014.12.04"]
[EventType "swiss"]
[EventRounds "7"]
[EventCountry "ITA"]
[SourceTitle "EXT 2017"]
[Source "ChessBase"]
[SourceDate "2016.10.25"]
[SourceVersion "1"]
[SourceVersionDate "2016.10.25"]
[SourceQuality "1"]

1. c4 Nf6 2. Nc3 e6 3. e4 Nc6 4. d4 Bb4 5. Nge2 Nxe4 6. Qd3 Nxc3 7. bxc3 Be7 8. Ng3 0-0 9. Be2 d5 10. 0-0 Bg5 11. f4 Bh4 12. f5 dxc4 13. Qf3 Qd5 14. Qg4 Bf6 15. Nh5 Kh8 16. Nxf6 gxf6 17. Qh4 Qd8 18. Rf3 e5 19. g4 Rg8 20. Kf2 exd4 21. Rh3 Rg7 22. Bh6 Rg8 23. Bf8 Rg7 24. Bxg7+ Kxg7 25. Qxh7+ Kf8 26. Qh8+ Ke7 27. Qxd8+ Kxd8 28. cxd4 Nxd4 29. Rd1 c5 30. Bxc4 Ke7 31. Rh7 b5 32. Bxf7 Kf8 33. Bd5 Rb8 34. Rxa7 1-0

[Event "Milan Crespi op-B 34th"]
[Site "Milan"]
[Date "2013.12.06"]
[Round "3"]
[White "Frignani, Alessandro"]
[Black "Torelli, Mauro"]
[Result "0-1"]
[WhiteElo "1369"]
[BlackElo "1713"]
[PlyCount "62"]
[EventDate "2013.12.04"]
[EventType "swiss"]
[EventRounds "7"]
[EventCountry "ITA"]
[SourceTitle "EXT 2015"]
[Source "ChessBase"]
[SourceDate "2014.11.20"]
[SourceVersion "1"]
[SourceVersionDate "2014.11.20"]
[SourceQuality "1"]

1. e4 e6 2. d4 d5 3. e5 c5 4. c3 Nc6 5. Bb5 Bd7 6. f4 Qa5 7. Bxc6 Bxc6 8. Nf3 Bb5 9. Nbd2 Nh6 10. Nb3 Qb6 11. Be3 Ba4 12. dxc5 Qa6 13. Qc1 Nf5 14. Bd4 Be7 15. Kf2 0-0 16. Nbd2 Rac8 17. b3 Bd7 18. Qc2 Rxc5 19. Bxc5 Bxc5+ 20. Nd4 Nxd4 21. cxd4 Bxd4+ 22. Kg3 Rc8 23. Qd1 Bxa1 24. Qxa1 Qd3+ 25. Nf3 Qg6+ 26. Kh3 f5 27. Ng5 Qh5+ 28. Kg3 Qg4+ 29. Kf2 Rc2+ 30. Ke3 Qe2+ 31. Kd4 Qd2# 0-1

[Event "Milan Crespi op-C 33rd"]
[Site "Milan"]
[Date "2012.12.05"]
[Round "1"]
[White "Torelli, Mauro"]
[Black "Pioggia, Massimiliano"]
[Result "1-0"]
[WhiteElo "1728"]
[BlackElo "1622"]
[PlyCount "73"]
[EventDate "2012.12.05"]
[EventType "swiss"]
[EventRounds "7"]
[EventCountry "ITA"]
[SourceTitle "EXT 2024"]
[Source "ChessBase"]
[SourceDate "2023.10.10"]
[SourceVersion "1"]
[SourceVersionDate "2023.10.10"]
[SourceQuality "1"]

1. d4 d5 2. Bf4 Nf6 3. Nf3 e6 4. e3 Bd6 5. Ne5 0-0 6. c4 Bb4+ 7. Nc3 Ne4 8. Qc2 c5 9. Bd3 cxd4 10. exd4 Nc6 11. Nxc6 bxc6 12. 0-0 f5 13. c5 Ba5 14. Ne2 Bc7 15. f3 Ng5 16. b4 a6 17. Qd2 Nf7 18. Rae1 e5 19. dxe5 Nxe5 20. Bg5 Qd7 21. Nd4 a5 22. b5 Rf7 23. bxc6 Nxc6 24. Ne6 Nb4 25. Nxc7 Qxc7 26. Re8+ Rf8 27. Re7 Qxc5+ 28. Kh1 Nxd3 29. Qxd3 Ba6 30. Qb1 d4 31. Rc1 Bc4 32. Qb7 Ra7 33. Rxg7+ Kh8 34. Rxh7+ Kg8 35. Qxa7 Qxa7 36. Rxa7 Re8 37. h4 1-0

[Event "Milan Citta op-A"]
[Site "Milan"]
[Date "2007.05.20"]
[Round "5"]
[White "Carbone, Lorenzo"]
[Black "Torelli, Mauro"]
[Result "1-0"]
[WhiteElo "1820"]
[BlackElo "1634"]
[PlyCount "59"]
[EventDate "2007.05.18"]
[EventType "swiss"]
[EventRounds "5"]
[EventCountry "ITA"]
[SourceTitle "EXT 2010"]
[Source "ChessBase"]
[SourceDate "2010.11.25"]
[SourceVersion "1"]
[SourceVersionDate "2010.11.25"]
[SourceQuality "1"]

1. e4 b6 2. d4 e6 3. Nf3 Bb7 4. Bd3 g6 5. c4 d6 6. 0-0 Bg7 7. Nc3 a6 8. Re1 Ne7 9. Bf4 Nd7 10. Rc1 h6 11. Qe2 g5 12. Be3 Ng6 13. h3 Nf4 14. Bxf4 gxf4 15. Qd2 h5 16. Rcd1 Bh6 17. Qe2 Qe7 18. e5 0-0-0 19. c5 dxc5 20. Bxa6 Nb8 21. Bxb7+ Kxb7 22. Qe4+ c6 23. Nb5 Ka6 24. Nd6 f5 25. Qd3+ b5 26. dxc5 Rxd6 27. exd6 Qf7 28. Qa3+ Kb7 29. Qa5 Nd7 30. Qc7+ 1-0